00718nam a2200181Ia 4500003000900000008004100009020001800050040001600068080001600084100001400100111010800114245019400222260003400416300001300450650002500463650002900488650001900517IN-BaIIA211028s9999 xx 000 0 eng d a3-540-08353-7 cIIA Library a519.68bGRU aGruska, J aSymposium on Mathematical Foundations of Computer Science, 1977n6thcTatranska Lomnicad1977 Sept. 5-9 0aMathematical foundations of computer science, 1977bproceedings of 6th symposium held in Tatranska Lomnica, September 5-9, 1977cJ. Gruska  aBerlinbSpringer-Verlagc1977 ax, 595p. aComputer programming aMathematical programming aNASA thesaurus